[Event "PNWCC Masters WOO 2020"]
[Site "chess.com INT"]
[Date "2020.07.04"]
[Round "3.33"]
[White "Wen, Teddie"]
[Black "Nguyen, Thanh Thuy Tien"]
[Result "0-1"]
[BlackTitle "WIM"]
[WhiteElo "2071"]
[BlackElo "1971"]
[WhiteFideId "30952247"]
[BlackFideId "12400998"]
[EventDate "2020.07.04"]

1. d4 Nf6 2. c4 e6 3. Nf3 d5 4. Nc3 a6 5. a4 Bb4 6. Bg5 O-O 7. e3 c6 8. Bd3 dxc4
9. Bxc4 h6 10. Bh4 Nbd7 11. O-O Be7 12. e4 Nxe4 13. Bxe7 Nxc3 14. Bxd8 Nxd1 15.
Be7 Nxb2 16. Bxf8 Nxc4 17. Bb4 a5 18. Nd2 Ncb6 19. Bc3 Nd5 20. Rfc1 Nf4 21. Rc2
b6 22. g3 Nd5 23. Ne4 Ba6 24. Rcc1 f5 25. Nd6 Rd8 26. Be1 c5 27. dxc5 Nxc5 28.
Rxc5 bxc5 29. Nb5 Nb4 30. Bc3 Rd3 31. Be5 Nc6 32. Bc7 Rb3 33. Nd6 c4 34. Rc1 Nd4
35. Kg2 Ne2 36. Rc2 c3 37. Bxa5 Bd3 38. Ra2 c2 39. Bd2 c1=Q 40. Bxc1 Nxc1 41.
Ra1 Ne2 42. Nc8 Ba6 43. Ne7+ Kf7 44. Nc6 Bb7 45. Kf1 Nxg3+ 46. hxg3 Bxc6 47. a5
Rb7 48. Rc1 Bb5+ 49. Kg1 Ra7 50. Ra1 g5 51. f4 gxf4 52. gxf4 Kf6 53. Kf2 h5 54.
Kg3 Rg7+ 55. Kh4 Rg4+ 56. Kxh5 Be8+ 0-1

[Event "PNWCC Masters WOO 2020"]
[Site "chess.com INT"]
[Date "2020.07.04"]
[Round "3.34"]
[White "Wen, Tommy"]
[Black "Lu, Ming"]
[Result "1-0"]
[WhiteElo "2014"]
[BlackElo "2084"]
[WhiteFideId "30952255"]
[BlackFideId "30930880"]
[EventDate "2020.07.04"]

1. e4 e6 2. d4 d5 3. Nd2 c5 4. exd5 Qxd5 5. Ngf3 cxd4 6. Bc4 Qd6 7. O-O Nf6 8.
Nb3 Nc6 9. Nbxd4 Nxd4 10. Nxd4 a6 11. a4 Qc7 12. Bd3 Bd6 13. h3 O-O 14. Qf3 Bd7
15. Bg5 Bh2+ 16. Kh1 Be5 17. c3 h6 18. Be3 Rae8 19. Bc2 Nd5 20. Rfe1 Nxe3 21.
Qxe3 Bf6 22. Rad1 Rd8 23. f4 Rfe8 24. Nf3 Bc6 25. Ne5 Bd5 26. Ng4 Bh4 27. Rf1
Bc4 28. Rg1 Be7 29. Ne5 Bd5 30. Qe2 Bc5 31. Rgf1 f6 32. Nd3 Bd6 33. Qg4 Be4 34.
Bb3 Qf7 35. f5 Bd5 36. Bxd5 exd5 37. Nf4 Bxf4 38. Qxf4 Qe7 39. Qf3 Qe4 40. Rd4
Qxf3 41. Rxf3 Re2 42. b4 Ra2 43. a5 Kh7 44. c4 Re8 45. cxd5 Ree2 46. Rg3 Re1+
47. Kh2 Raa1 48. Rgd3 Ra2 49. d6 Ree2 50. Rg3 1-0

[Event "PNWCC Masters WOO 2020"]
[Site "chess.com INT"]
[Date "2020.07.04"]
[Round "3.35"]
[White "Pan, Kevin"]
[Black "Guo, Yu Han"]
[Result "1-0"]
[WhiteElo "2106"]
[BlackElo "1432"]
[WhiteFideId "30915708"]
[BlackFideId "2623870"]
[EventDate "2020.07.04"]

1. e4 c6 2. d4 d5 3. Nc3 dxe4 4. Nxe4 Nf6 5. Nxf6+ exf6 6. c3 Bd6 7. Bd3 O-O 8.
Qc2 h6 9. Ne2 Nd7 10. Be3 Re8 11. O-O-O Nf8 12. Ng3 Bg4 13. Rde1 Qa5 14. Kb1 c5
15. dxc5 Bxc5 16. b4 Bxb4 17. cxb4 Qxb4+ 18. Qb2 Qd6 19. Be2 Be6 20. Rd1 Qc6 21.
Bf3 Qa4 22. Rd4 Qa5 23. Bd2 Qc7 24. Rc1 Qe5 25. Bf4 Qa5 26. Bc7 Qg5 27. Bxb7
Bf5+ 28. Ka1 Ne6 29. Rd5 Nxc7 30. Rxf5 Qg4 31. Bxa8 Nxa8 32. Rd5 Nb6 33. Rd4 Qe6
34. Re4 Qd7 35. Rxe8+ Qxe8 36. Qd4 Qe7 37. Rd1 Qa3 38. Qd8+ Kh7 39. Qd3+ Qxd3
40. Rxd3 Nc4 41. Rd7 a5 42. Rxf7 Kg6 43. Rc7 Nd6 44. Kb2 a4 45. Ra7 a3+ 46. Rxa3
Nc4+ 47. Kb3 Nxa3 48. Kxa3 Kf7 49. Kb4 Ke7 50. a4 Kd7 51. Kb5 Kc7 52. a5 Kb7 53.
Nf5 g5 54. a6+ Ka7 55. g4 Kb8 56. Kb6 h5 57. gxh5 g4 58. Nd6 f5 59. a7+ Ka8 60.
Ne8 f4 61. Nc7# 1-0

[Event "PNWCC Masters WOO 2020"]
[Site "chess.com INT"]
[Date "2020.07.04"]
[Round "3.37"]
[White "Sampath, Aja"]
[Black "Tarjan, James"]
[Result "1-0"]
[BlackTitle "GM"]
[WhiteElo "1981"]
[BlackElo "2381"]
[WhiteFideId "30955190"]
[BlackFideId "2000180"]
[EventDate "2020.07.04"]

1. e4 c6 2. d4 d5 3. exd5 cxd5 4. Bd3 Nc6 5. c3 Qc7 6. h3 g6 7. Nf3 Bg7 8. O-O
Nf6 9. Re1 O-O 10. Na3 b6 11. Nb5 Qd8 12. Bf4 a6 13. Na3 Bb7 14. Nc2 e6 15. Ne3
Re8 16. Qd2 Nh5 17. Ng4 Nxf4 18. Qxf4 Qe7 19. Re3 Rf8 20. Rae1 b5 21. Nfe5 Nxe5
22. dxe5 Rad8 23. Nf6+ Kh8 24. Qh4 h6 25. Rg3 d4 26. Bxg6 dxc3 27. Bh7 Qc5 28.
Rxg7 Kxg7 29. Bc2 Rfe8 30. Re3 Rd4 31. Rg3+ Kf8 32. Nh7# 1-0

[Event "PNWCC Masters WOO 2020"]
[Site "chess.com INT"]
[Date "2020.07.04"]
[Round "3.38"]
[White "He, Anthony"]
[Black "McConnell, Griffin"]
[Result "1-0"]
[WhiteTitle "FM"]
[WhiteElo "2337"]
[BlackElo "1823"]
[WhiteFideId "2088215"]
[BlackFideId "30942551"]
[EventDate "2020.07.04"]

1. Nf3 Nf6 2. c4 e6 3. g3 d5 4. Bg2 b6 5. O-O Bb7 6. b3 d4 7. Bb2 c5 8. e3 d3 9.
Ne5 Bxg2 10. Kxg2 Na6 11. Qf3 Be7 12. Nxd3 O-O 13. Ne5 Nb4 14. a3 Nd3 15. Nc6
Qc7 16. Nxe7+ Qxe7 17. Bxf6 gxf6 18. Nc3 Rad8 19. Rfd1 Kh8 20. Rab1 f5 21. Qe2
Qb7+ 22. f3 Ne5 23. d4 Nc6 24. d5 Ne7 25. e4 f4 26. gxf4 Ng6 27. Qe3 Qe7 28. Ne2
Qf6 29. Kh1 Rg8 30. Rg1 e5 31. f5 Ne7 32. Qc3 Nc8 33. Nf4 Rde8 34. Rxg8+ Kxg8
35. Rg1+ Kh8 36. Ne2 Nd6 37. a4 Qh4 38. Qe3 f6 39. Rg3 Rg8 40. Kg2 Rc8 41. Nc3
a6 42. Rg4 Qh5 43. Ne2 Qf7 44. Qh6 Qf8 45. Qh4 Qf7 46. Ng3 Rf8 47. Qh6 b5 48.
Nh5 Ne8 49. axb5 axb5 50. cxb5 Qa7 51. Qxf8# 1-0

[Event "PNWCC Masters WOO 2020"]
[Site "chess.com INT"]
[Date "2020.07.04"]
[Round "3.40"]
[White "Harish, Neeraj"]
[Black "Mcconnell, Sullivan"]
[Result "0-1"]
[WhiteElo "1472"]
[BlackElo "1895"]
[WhiteFideId "30958130"]
[BlackFideId "30934885"]
[EventDate "2020.07.04"]

1. e4 e6 2. d4 d5 3. Nc3 Nf6 4. Bg5 dxe4 5. Nxe4 Be7 6. Nxf6+ Bxf6 7. Bxf6 Qxf6
8. Nf3 O-O 9. Bd3 c5 10. c3 cxd4 11. cxd4 Nc6 12. O-O g6 13. Be4 Bd7 14. Re1
Rfd8 15. Ne5 Rac8 16. Rc1 Be8 17. Rc3 Rd6 18. b4 Rcd8 19. Bxc6 Rxd4 20. Qxd4
Rxd4 21. Bxe8 Qxe5 22. Rec1 Rd8 23. Ba4 Kg7 24. g3 b5 25. Bb3 Rd2 26. Re3 Qd4
27. a3 Rxf2 28. Kxf2 Qd2+ 29. Re2 Qxc1 0-1

[Event "PNWCC Masters WOO 2020"]
[Site "chess.com INT"]
[Date "2020.07.04"]
[Round "3.42"]
[White "Metpally, Jason"]
[Black "Chang, Eddie"]
[Result "1-0"]
[WhiteElo "2204"]
[BlackElo "1667"]
[WhiteFideId "2068567"]
[BlackFideId "30960932"]
[EventDate "2020.07.04"]

1. d4 Nf6 2. c4 g6 3. Nc3 d5 4. cxd5 Nxd5 5. e4 Nxc3 6. bxc3 Bg7 7. Bg5 c5 8.
Rc1 O-O 9. Nf3 Bg4 10. d5 Qd6 11. Be2 Nd7 12. c4 f5 13. exf5 Rxf5 14. Be3 Raf8
15. Nh4 Bxe2 16. Nxf5 gxf5 17. Qxe2 f4 18. Bd2 Ne5 19. f3 Qg6 20. O-O Nd3 21.
Rcd1 Bd4+ 22. Kh1 Rf6 23. Bc3 Bxc3 24. Qxd3 Bd4 25. Qxg6+ hxg6 26. Rb1 b6 27. g3
g5 28. Kg2 e5 29. dxe6 Rxe6 30. Rfe1 Be3 31. a4 Rd6 32. Rbd1 Rd4 33. Rxd4 cxd4
34. gxf4 gxf4 35. Kf1 d3 36. Rd1 d2 37. Ke2 Kg7 38. Rxd2 Bxd2 39. Kxd2 Kg6 40.
Kd3 Kf5 41. Kd4 Kg5 42. Ke4 a6 43. h3 a5 44. Ke5 1-0

[Event "PNWCC Masters WOO 2020"]
[Site "chess.com INT"]
[Date "2020.07.04"]
[Round "3.45"]
[White "Sairam, Pranav"]
[Black "Ji, Yunze Owen"]
[Result "1/2-1/2"]
[WhiteElo "1810"]
[BlackElo "1553"]
[WhiteFideId "30951330"]
[BlackFideId "30965276"]
[EventDate "2020.07.04"]

1. e4 c6 2. d4 d5 3. exd5 cxd5 4. Bd3 Nc6 5. c3 Nf6 6. Bf4 Bg4 7. Qb3 e5 8. dxe5
Nh5 9. Be3 Nxe5 10. Bb5+ Nc6 11. Qa4 Qc8 12. h3 Be6 13. Nf3 Bd6 14. O-O O-O 15.
Qh4 Nf6 16. Bd3 Bf5 17. Bxf5 Qxf5 18. Nbd2 h5 19. Qa4 Ne4 20. Qb5 Ne7 21. Nd4
Qg6 22. Nxe4 dxe4 23. Qxb7 Rfb8 24. Qd7 Nd5 25. Rab1 Nxe3 26. fxe3 Qg3 27. Qxf7+
Kh8 28. Qxh5+ Kg8 29. Qd5+ Kh8 30. Qh5+ Kg8 31. Qf7+ Kh8 32. Rf5 g6 33. Ne6 gxf5
34. Qf6+ Kg8 35. Ng5 Rb7 36. Qg6+ Rg7 37. Qe6+ Kh8 38. Qh6+ Kg8 39. Qe6+ Kh8 40.
Qh6+ Kg8 41. Qe6+ 1/2-1/2

[Event "PNWCC Masters WOO 2020"]
[Site "chess.com INT"]
[Date "2020.07.04"]
[Round "3.46"]
[White "Jiang, Leo"]
[Black "Sivakumar, Shaashwath"]
[Result "0-1"]
[WhiteElo "1592"]
[BlackElo "1866"]
[WhiteFideId "30952140"]
[BlackFideId "30912156"]
[EventDate "2020.07.04"]

1. d4 d5 2. c4 c6 3. Nf3 Nf6 4. e3 Bf5 5. Nc3 e6 6. Bd3 Bg6 7. Bxg6 hxg6 8. Bd2
Bd6 9. Qe2 Ne4 10. Nxe4 dxe4 11. Ne5 Bxe5 12. dxe5 Qg5 13. g3 Nd7 14. O-O-O Nxe5
15. h4 Qe7 16. Bc3 Nd3+ 17. Kb1 O-O-O 18. Bxg7 Rh5 19. Bd4 Qb4 20. g4 Rh7 21.
Bf6 Rd7 22. Qc2 e5 23. h5 Qd6 24. Bh4 gxh5 25. gxh5 Rxh5 26. Bg3 Qh6 27. Rhg1 f5
28. f4 Rg7 29. fxe5 Qxe3 30. Bf2 Qh6 31. Rxg7 Qxg7 32. Bxa7 Qxe5 33. Qg2 Qh8 34.
Bg1 Rg5 35. Qe2 Qg7 36. Rxd3 Rxg1+ 37. Rd1 Rg2 0-1

[Event "PNWCC Masters WOO 2020"]
[Site "chess.com INT"]
[Date "2020.07.04"]
[Round "3.47"]
[White "Johnson, Donald"]
[Black "Kozower, Ethan"]
[Result "1-0"]
[WhiteElo "1857"]
[BlackElo "1562"]
[WhiteFideId "30949122"]
[BlackFideId "30947227"]
[EventDate "2020.07.04"]

1. e4 c5 2. Nf3 e6 3. g3 Nc6 4. Bg2 Nf6 5. Qe2 d6 6. O-O Be7 7. c3 O-O 8. d4
cxd4 9. cxd4 d5 10. e5 Nd7 11. Nc3 a6 12. a3 b5 13. Qc2 Bb7 14. h4 h6 15. Be3
Rc8 16. Qe2 Qb6 17. Nh2 Ndxe5 18. dxe5 d4 19. Bxh6 gxh6 20. Qg4+ Kh8 21. Qh5 Kg7
22. Ng4 Rh8 23. Ne4 Na5 24. Ngf6 Bxe4 25. Bxe4 Bxf6 26. Qg4+ Kf8 27. exf6 Rg8
28. Qh5 Rh8 29. Rac1 Nc4 30. b3 Rc5 31. Qg4 Rg8 32. Qf4 Nd6 33. Rxc5 Qxc5 34.
Rc1 Qxa3 35. Qxd6+ Qxd6 36. Rc8+ Qd8 37. Rxd8# 1-0

[Event "PNWCC Masters WOO 2020"]
[Site "chess.com INT"]
[Date "2020.07.04"]
[Round "3.48"]
[White "Pillai, Adithya"]
[Black "Sivakumar, Shaaketh"]
[Result "0-1"]
[WhiteElo "1663"]
[BlackElo "1870"]
[WhiteFideId "30937396"]
[BlackFideId "30940176"]
[EventDate "2020.07.04"]

1. e4 e6 2. d4 d5 3. Nd2 c5 4. Ngf3 Nc6 5. Bb5 Nf6 6. exd5 exd5 7. O-O Be7 8.
dxc5 Bxc5 9. c4 O-O 10. Nb3 Bb6 11. c5 Bc7 12. Bg5 Be6 13. Nbd4 Ne5 14. Re1 Bg4
15. h3 Bxf3 16. Nxf3 h6 17. Bh4 Ng6 18. Bxf6 Qxf6 19. Qxd5 Nf4 20. Qd7 Rac8 21.
c6 bxc6 22. Ba6 Rfd8 23. Bxc8 Rxd7 24. Bxd7 g6 25. Rad1 Bb6 26. Ne5 Bxf2+ 27.
Kxf2 Nd3+ 28. Kg1 Qf2+ 29. Kh2 Nxe1 30. Rxe1 Qxe1 31. Nxc6 Qd2 32. Bg4 Qxb2 33.
a4 Qc2 34. Bf3 Qxa4 35. Bd5 Qf4+ 36. Kh1 Qc1+ 37. Kh2 Qa3 38. Kh1 Qc5 39. Bf3 a5
40. Nxa5 Qxa5 41. Kh2 Qe5+ 42. Kg1 g5 43. Kf2 f5 44. Bh5 f4 45. Bf3 Qe3+ 46. Kf1
Kg7 47. Bg4 Kg6 48. Bf3 h5 49. Be2 Qc1+ 50. Kf2 Qc5+ 51. Kf1 Kf5 52. Bxh5 Ke4
53. Bf3+ Ke3 54. Kg1 Qc1+ 55. Kh2 Kf2 56. h4 Qc8 57. Bh5 g4 58. Bxg4 Qxg4 59. h5
Qxh5# 0-1

[Event "PNWCC Masters WOO 2020"]
[Site "chess.com INT"]
[Date "2020.07.04"]
[Round "3.49"]
[White "Xu, Andrew"]
[Black "Feng, Eric"]
[Result "0-1"]
[WhiteElo "1524"]
[BlackElo "1898"]
[WhiteFideId "2623951"]
[BlackFideId "30923972"]
[EventDate "2020.07.04"]

1. e4 c6 2. d4 d5 3. Nd2 dxe4 4. Nxe4 Bf5 5. Ng3 Bg6 6. h4 h6 7. Nf3 Nd7 8. h5
Bh7 9. Bd3 Bxd3 10. Qxd3 e6 11. Bd2 Ngf6 12. O-O-O a5 13. Ne4 Nxe4 14. Qxe4 Nf6
15. Qd3 Bb4 16. Ne5 Qd5 17. f3 Qxa2 18. Bxb4 axb4 19. Kd2 Qxb2 20. Rb1 Qc3+ 21.
Qxc3 bxc3+ 22. Kxc3 Rb8 23. Kd3 O-O 24. Rb3 Rfc8 25. Rhb1 b5 26. Ke2 Nd5 27. g4
b4 28. Nd3 Nc3+ 29. Kd2 Nxb1+ 30. Rxb1 Rd8 31. Rxb4 Rxb4 32. Nxb4 Rxd4+ 33. Kc3
c5 34. Nd3 f5 35. Nxc5 Rf4 36. Kd2 Rxf3 37. Nxe6 fxg4 38. Ke2 Rf7 39. Nd4 g3 40.
Kd3 g2 41. Ne2 Rf1 42. c4 Re1 43. c5 Rxe2 44. Kxe2 g1=Q 45. c6 Qc5 46. Kd3 Qxc6
47. Ke3 Qc5+ 48. Kf3 Qxh5+ 49. Kg2 Qg4+ 50. Kf2 h5 51. Ke3 h4 52. Kf2 h3 53. Ke3
h2 54. Kf2 h1=Q 55. Ke3 Qhe4+ 56. Kd2 Qge2+ 57. Kc3 Q4c4# 0-1

[Event "PNWCC Masters WOO 2020"]
[Site "chess.com INT"]
[Date "2020.07.04"]
[Round "3.52"]
[White "Ji, Yuze Luke"]
[Black "Su, Kevin"]
[Result "0-1"]
[WhiteElo "1337"]
[BlackElo "1768"]
[WhiteFideId "30965284"]
[BlackFideId "30937370"]
[EventDate "2020.07.04"]

1. e4 c5 2. Nf3 e6 3. d4 cxd4 4. Nxd4 Nc6 5. Nc3 Qc7 6. Be3 a6 7. Be2 Nf6 8. O-O
Bb4 9. Na4 Be7 10. Nxc6 bxc6 11. Nb6 Rb8 12. Nxc8 Qxc8 13. Bd4 d5 14. exd5 cxd5
15. Qd3 a5 16. Rfc1 O-O 17. Be5 Rb4 18. a3 Rc4 19. Qg3 Rxc2 20. Rxc2 Qxc2 21.
Bd3 Qc5 22. Re1 Rd8 23. h3 h6 24. Bb1 Bd6 25. Qc3 Qxc3 26. Bxc3 Rb8 27. Bd3 Nd7
28. Re2 Nc5 29. Bc2 a4 30. Bb4 Ra8 31. Rd2 Nb7 32. Rd4 Be5 33. Rh4 Bxb2 34. Bd3
Na5 35. Bxa5 Rxa5 36. Rb4 Be5 37. Bc2 Bd6 38. Rxa4 Rxa4 39. Bxa4 Bxa3 40. Kf1
Kf8 41. Ke2 Ke7 42. Kd3 Kd6 43. f3 f6 44. g4 e5 45. Bb3 Bb4 46. Ba2 Kc5 47. Bb3
g6 48. Ba2 f5 49. Bb3 Be1 50. Ke3 Bg3 51. Kd3 Bf2 52. Ba2 Bg1 53. Bb3 Kd6 54.
Ba2 e4+ 55. fxe4 fxe4+ 56. Ke2 Ke5 57. Kd2 g5 58. Bb3 Bb6 59. Ba2 d4 60. Bc4 d3
61. Bb3 Kd4 62. Bd1 e3+ 63. Ke1 e2 64. Bxe2 dxe2 65. Kxe2 Ke4 66. Kf1 Kf3 67. h4
gxh4 68. g5 hxg5 69. Ke1 h3 70. Kd2 h2 71. Kd3 h1=Q 72. Kc4 Qc1+ 73. Kd5 Qc5+
74. Ke6 g4 75. Kd7 g3 76. Ke8 Qc7 77. Kf8 Qd7 78. Kg8 Qe7 79. Kh8 g2 80. Kg8
g1=Q+ 81. Kh8 Qgg7# 0-1

[Event "PNWCC Masters WOO 2020"]
[Site "chess.com INT"]
[Date "2020.07.05"]
[Round "4.1"]
[White "Esipenko, Andrey"]
[Black "Maghsoodloo, Parham"]
[Result "0-1"]
[WhiteTitle "GM"]
[BlackTitle "GM"]
[WhiteElo "2682"]
[BlackElo "2676"]
[WhiteFideId "24175439"]
[BlackFideId "12539929"]
[EventDate "2020.07.04"]

1. c4 Nf6 2. Nc3 e5 3. Nf3 Nc6 4. e4 Bb4 5. d3 d6 6. a3 Bxc3+ 7. bxc3 O-O 8. g3
Nd7 9. Bg2 Nc5 10. Nh4 a5 11. O-O a4 12. Be3 Nb3 13. Ra2 Ra5 14. Qe1 Ne7 15. f4
exf4 16. gxf4 f5 17. Qg3 Be6 18. Bf3 Rf6 19. Rg2 Qf8 20. e5 Rh6 21. Bxb7 d5 22.
Qg5 Kh8 23. Rd1 Ng6 24. Qxh6 gxh6 25. Rxg6 Qe8 26. Rg3 c6 27. cxd5 Rxd5 28. Ba6
Rd7 29. Re1 Rg7 30. Rxg7 Kxg7 31. Bc4 Kf8 32. Bxe6 Qxe6 33. Kf2 Qd7 34. Ke2 Kf7
35. Rg1 Ke6 36. Bf2 Qe7 37. Rg8 Qxa3 38. Re8+ Kf7 39. Ra8 Qb2+ 40. Kf3 Qxc3 41.
Nxf5 Qxd3+ 42. Kg4 Qe2+ 43. Kg3 Nd2 44. Rxa4 Qf3+ 45. Kh4 Qxf2+ 46. Ng3 Qxh2+
47. Kg4 h5+ 48. Nxh5 Qg2+ 49. Ng3 h5+ 0-1

[Event "PNWCC Masters WOO 2020"]
[Site "chess.com INT"]
[Date "2020.07.05"]
[Round "4.2"]
[White "Vitiugov, Nikita"]
[Black "Vokhidov, Shamsiddin"]
[Result "1/2-1/2"]
[WhiteTitle "GM"]
[BlackTitle "GM"]
[WhiteElo "2722"]
[BlackElo "2512"]
[WhiteFideId "4152956"]
[BlackFideId "14204223"]
[EventDate "2020.07.04"]

1. d4 Nf6 2. c4 e6 3. g3 c5 4. Nf3 cxd4 5. Nxd4 Qc7 6. Nc3 a6 7. Bg2 Qxc4 8. Be3
Qc7 9. Rc1 Nc6 10. O-O Be7 11. Na4 Rb8 12. h3 O-O 13. Nb6 d5 14. Qa4 Bd7 15.
Nxd7 Qxd7 16. Nxc6 bxc6 17. Qxa6 1/2-1/2

[Event "PNWCC Masters WOO 2020"]
[Site "chess.com INT"]
[Date "2020.07.05"]
[Round "4.3"]
[White "Kuzubov, Yuriy"]
[Black "Hakobyan, Aram"]
[Result "0-1"]
[WhiteTitle "GM"]
[BlackTitle "GM"]
[WhiteElo "2643"]
[BlackElo "2588"]
[WhiteFideId "14112906"]
[BlackFideId "13306677"]
[EventDate "2020.07.04"]

1. d4 f5 2. g3 Nf6 3. Bg2 e6 4. Nf3 d5 5. c4 Bd6 6. Nbd2 O-O 7. Qc2 Nc6 8. a3 a5
9. b3 Ne4 10. Bb2 Qf6 11. Nf1 Bd7 12. c5 Be7 13. Ne5 Nxe5 14. dxe5 Qg6 15. Bd4
f4 16. Rc1 b6 17. Bxe4 dxe4 18. gxf4 Qg2 19. Ng3 Rxf4 20. Kd2 Rxf2 21. cxb6 cxb6
22. Bxf2 Qxf2 23. Qxe4 Bg5+ 24. Kc2 Rc8+ 25. Kb1 Bxc1 26. Rxc1 Rxc1+ 27. Kxc1
Qxh2 28. Qd3 Be8 29. Ne4 Qf4+ 30. Kd1 Bg6 31. Qd7 Qf7 32. Qd8+ Qf8 33. Qxf8+
Kxf8 34. Nd6 h5 35. Ke1 Bc2 36. b4 axb4 37. axb4 g5 38. Kf2 h4 39. Kg2 Kg7 40.
Kh3 Kg6 41. Nc4 Kh5 42. Nxb6 g4+ 43. Kg2 Be4+ 44. Kg1 h3 45. Nd7 Kh4 46. Nc5 Bg2
47. Nxe6 Kg3 0-1

[Event "PNWCC Masters WOO 2020"]
[Site "chess.com INT"]
[Date "2020.07.05"]
[Round "4.4"]
[White "Sevian, Samuel"]
[Black "Martinez Alcantara, Jose Eduardo"]
[Result "1/2-1/2"]
[WhiteTitle "GM"]
[BlackTitle "GM"]
[WhiteElo "2660"]
[BlackElo "2620"]
[WhiteFideId "2040506"]
[BlackFideId "3805662"]
[EventDate "2020.07.04"]

1. e4 e5 2. Nf3 Nc6 3. Bb5 a6 4. Ba4 Nf6 5. O-O Nxe4 6. d4 Be7 7. Re1 b5 8. Rxe4
d5 9. Nxe5 Nxe5 10. Rxe5 bxa4 11. Qh5 O-O 12. Nc3 Be6 13. Nxd5 Bd6 14. Bg5 f6
15. Rxe6 Bxh2+ 16. Qxh2 Qxd5 17. Re7 fxg5 18. Qe5 Qxe5 19. Rxe5 Rab8 20. b3 Rfd8
21. d5 h6 22. Rae1 Rd6 23. Re7 Rxd5 24. Rxc7 axb3 25. axb3 g4 26. Ree7 Rg5 27.
Kh2 a5 28. Kg3 Rb4 29. Ra7 Kh7 30. Rec7 Rd4 31. Rd7 Rb4 32. Rdc7 Rd4 33. Rd7 Rb4
34. Rab7 Rxb7 35. Rxb7 Rc5 36. c4 a4 37. Kxg4 axb3 38. Rxb3 Rxc4+ 39. Kf3 1/2-1/2

[Event "PNWCC Masters WOO 2020"]
[Site "chess.com INT"]
[Date "2020.07.05"]
[Round "4.5"]
[White "Sargissian, Gabriel"]
[Black "Kobalia, Mikhail"]
[Result "1-0"]
[WhiteTitle "GM"]
[BlackTitle "GM"]
[WhiteElo "2682"]
[BlackElo "2614"]
[WhiteFideId "13300881"]
[BlackFideId "4119150"]
[EventDate "2020.07.04"]

1. d4 d5 2. c4 c6 3. Nf3 Nf6 4. e3 a6 5. Nbd2 Bf5 6. Nh4 Bg4 7. Qc2 g6 8. h3 Be6
9. c5 Bg7 10. Bd3 O-O 11. O-O a5 12. Nb1 Na6 13. a3 Ne4 14. Nc3 f5 15. Nf3 Nb8
16. Ne2 Nd7 17. Rb1 Bf7 18. b4 Qc7 19. b5 e5 20. bxc6 bxc6 21. Nxe5 Nxe5 22.
dxe5 Bxe5 23. Bb2 Bxb2 24. Rxb2 Rab8 25. Rfb1 Rxb2 26. Rxb2 Qe7 27. Bxe4 dxe4
28. Rb6 Qf6 29. Qc3 Qxc3 30. Nxc3 Rd8 31. Rxc6 Be8 32. Ra6 Rd3 33. Ne2 Rxa3 34.
c6 Kf7 35. c7 Bd7 36. Ra8 Ra2 37. Rd8 Ke7 38. Nc3 Rc2 39. c8=Q Bxc8 40. Rxc8 Ke6
41. Rc6+ Kd7 42. Rc5 g5 43. Rxa5 Rxc3 44. Rxf5 h6 45. Rf7+ Ke8 46. Rf6 h5 47.
Rf5 g4 48. hxg4 hxg4 49. Kh2 1-0

[Event "PNWCC Masters WOO 2020"]
[Site "chess.com INT"]
[Date "2020.07.05"]
[Round "4.6"]
[White "Postny, Evgeny"]
[Black "Nguyen, Duc Hoa"]
[Result "1-0"]
[WhiteTitle "GM"]
[BlackTitle "GM"]
[WhiteElo "2600"]
[BlackElo "2406"]
[WhiteFideId "2804344"]
[BlackFideId "12401358"]
[EventDate "2020.07.04"]

1. Nf3 d5 2. c4 e6 3. g3 Nf6 4. Bg2 Be7 5. d4 O-O 6. O-O c6 7. Nc3 Nbd7 8. b3
Ne4 9. Bb2 f5 10. e3 Qe8 11. Ne2 Qg6 12. Qc1 Re8 13. Nf4 Qh6 14. Nd3 Bd6 15. b4
Ndf6 16. Nfe5 Re7 17. a4 Bd7 18. Ba3 Be8 19. b5 cxb5 20. Bxd6 Nxd6 21. Qa3 Rd8
22. cxb5 Ng4 23. Nxg4 fxg4 24. Ne5 Qg5 25. Rac1 Bg6 26. Qb4 Be4 27. Qxd6 1-0

[Event "PNWCC Masters WOO 2020"]
[Site "chess.com INT"]
[Date "2020.07.05"]
[Round "4.7"]
[White "Jobava, Baadur"]
[Black "Fedoseev, Vladimir3"]
[Result "1-0"]
[WhiteTitle "GM"]
[BlackTitle "GM"]
[WhiteElo "2603"]
[BlackElo "2678"]
[WhiteFideId "13601520"]
[BlackFideId "24130737"]
[EventDate "2020.07.04"]

1. d4 Nf6 2. c4 e6 3. Nf3 b6 4. g3 Ba6 5. Qb3 d5 6. cxd5 Qxd5 7. Qxd5 exd5 8.
Bg2 Nc6 9. Nc3 Bb4 10. Bd2 O-O-O 11. Rc1 Rhe8 12. e3 Kb7 13. a3 Bxc3 14. Bxc3
Ne4 15. Nd2 f5 16. h4 g6 17. h5 g5 18. h6 Nxc3 19. bxc3 f4 20. gxf4 gxf4 21. e4
Re6 22. Bh3 Re7 23. f3 Bd3 24. Bf5 Rf8 25. Rh5 Rf6 26. Kf2 Ref7 27. Bh3 Ne7 28.
exd5 Bg6 29. Re5 Bf5 30. Ne4 Rxh6 31. Rxe7 Rxe7 32. Bxf5 Rh2+ 33. Kg1 Ra2 34.
Kf1 Rg7 35. c4 Rgg2 36. Ra1 Rxa1+ 37. Kxg2 Rxa3 38. c5 Ra4 39. c6+ Kb8 40. d6
cxd6 41. d5 Rd4 42. Nf6 a5 43. Ne8 Rc4 44. Nxd6 Rc5 45. Ne8 a4 46. d6 Rxf5 47.
d7 1-0

[Event "PNWCC Masters WOO 2020"]
[Site "chess.com INT"]
[Date "2020.07.05"]
[Round "4.9"]
[White "Chigaev, Maksim"]
[Black "Hovhannisyan, Robert"]
[Result "1/2-1/2"]
[WhiteTitle "GM"]
[BlackTitle "GM"]
[WhiteElo "2588"]
[BlackElo "2642"]
[WhiteFideId "4108116"]
[BlackFideId "13302507"]
[EventDate "2020.07.04"]

1. e4 e5 2. Nf3 Nc6 3. Bb5 Nf6 4. O-O Nxe4 5. Re1 Nd6 6. a4 Be7 7. Nc3 a6 8. Bf1
Nf5 9. Nxe5 Nxe5 10. Rxe5 d6 11. Re1 d5 12. d4 O-O 13. Bf4 c6 14. Ne2 a5 15. c3
Bd6 16. Qd2 Re8 17. Bxd6 Nxd6 18. Ng3 g6 19. Bd3 Qh4 20. Rxe8+ 1/2-1/2

[Event "PNWCC Masters WOO 2020"]
[Site "chess.com INT"]
[Date "2020.07.05"]
[Round "4.10"]
[White "Yip, Carissa"]
[Black "Swiercz, Dariusz"]
[Result "1-0"]
[WhiteTitle "IM"]
[BlackTitle "GM"]
[WhiteElo "2421"]
[BlackElo "2649"]
[WhiteFideId "2090732"]
[BlackFideId "1126881"]
[EventDate "2020.07.04"]

1. e4 e5 2. Nc3 Nf6 3. f4 d5 4. fxe5 Nxe4 5. Qf3 Nxc3 6. bxc3 c5 7. Qg3 Nc6 8.
Bb5 Be6 9. Nf3 h6 10. O-O Qd7 11. a4 a6 12. Bxc6 Qxc6 13. Rb1 O-O-O 14. a5 Qa4
15. d4 c4 16. Bb2 Qxc2 17. Rfc1 Qg6 18. Qf2 Rd7 19. Ra1 Kb8 20. Ba3 Bxa3 21.
Rxa3 Rc8 22. Ra4 Bf5 23. Rb4 Be4 24. Nd2 Bd3 25. Nf3 Qe6 26. Qg3 g5 27. Nd2 Ka8
28. Nb3 Qe7 29. Re1 Bf5 30. Nd2 Rc6 31. Nf1 Qd8 32. Ne3 Bd3 33. Ra1 h5 34. Nd1
f5 35. Nb2 Bc2 36. Qf2 Bb3 37. Qxf5 Rcc7 38. e6 Re7 39. Rb6 Rc6 40. Re1 Qe8 41.
Qxd5 g4 42. Rxc6 bxc6 43. Qd6 h4 44. d5 cxd5 45. Qxd5+ Kb8 46. Nxc4 Rc7 47. Rb1
Qa4 48. Qd8+ Kb7 49. Nb6 Qxa5 50. Nd5 Rxc3 51. Qxa5 1-0